| 000 | 01423nam a2200349Ia 4500 | ||
|---|---|---|---|
| 001 | ebr10495975 | ||
| 003 | CaPaEBR | ||
| 006 | m u | ||
| 007 | cr cn||||||||| | ||
| 008 | 091027s2009 inua sb 001 0 eng d | ||
| 010 | _z 2009045507 | ||
| 020 | _z9781575061825 | ||
| 020 | _z1575061821 | ||
| 040 |
_aCaPaEBR _cCaPaEBR |
||
| 035 | _a(OCoLC)759160138 | ||
| 050 | 1 | 4 |
_aBS511.3 _b.W663 2009eb |
| 082 | 0 | 4 |
_a221.6/6 _222 |
| 100 | 1 | _aWolde, E. J. van. | |
| 245 | 1 | 0 |
_aReframing biblical studies _h[electronic resource] : _bwhen language and text meet culture, cognition, and context / _cEllen van Wolde. |
| 260 |
_aWinona Lake, IN : _bEisenbrauns, _c2009. |
||
| 300 |
_axiv, 402 p. : _bill. |
||
| 504 | _aIncludes bibliographical references (p. 373-390) and indexes. | ||
| 533 |
_aElectronic reproduction. _bPalo Alto, Calif. : _cebrary, _d2011. _nAvailable via World Wide Web. _nAccess may be limited to ebrary affiliated libraries. |
||
| 546 | _aContains phrases in Hebrew with English translation. | ||
| 630 | 0 | 0 |
_aBible. _pO.T. _xCriticism, interpretation, etc. |
| 630 | 0 | 0 |
_aBible. _pO.T. _xLanguage, style. |
| 650 | 0 |
_aHebrew language _xSemantics, Historical. |
|
| 650 | 0 | _aCognitive grammar. | |
| 655 | 7 |
_aElectronic books. _2local |
|
| 710 | 2 | _aebrary, Inc. | |
| 856 | 4 | 0 |
_uhttp://site.ebrary.com/lib/rucke/Doc?id=10495975 _zAn electronic book accessible through the World Wide Web; click to view |
| 999 |
_c130907 _d130907 |
||